[Event "SLO-chT2 West"]
[White "Planinsek, Bojan"]
[Black "Smolej, Ziga"]
[Site "Komenda"]
[Round "6.4"]
[Result "1/2-1/2"]
[Date "2019.11.30"]
[WhiteElo "1734"]
[BlackElo "1632"]
[PlyCount "131"]
[EventDate "2019.11.15"]
[EventType "team-tourn"]
[EventRounds "9"]
[EventCountry "SLO"]
[SourceTitle "EXT 2024"]
[Source "ChessBase"]
[SourceDate "2023.10.10"]
[SourceVersion "1"]
[SourceVersionDate "2023.10.10"]
[SourceQuality "1"]
[WhiteTeam "Prevodi Dvojka"]
[BlackTeam "Ilirska Bistrica Rimex"]
[WhiteTeamCountry "SLO"]
[BlackTeamCountry "SLO"]

1. e4 c5 2. c3 Nf6 3. e5 Nd5 4. d4 cxd4 5. cxd4 d6 6. h3 Nc6 7. Nf3 Qc7 8. exd6 Qxd6 9. Nc3 Bf5 10. a3 e6 11. Bb5 Be7 12. Ne5 0-0 13. Nxc6 bxc6 14. Be2 Bf6 15. 0-0 Nxc3 16. bxc3 c5 17. Be3 cxd4 18. Bxd4 Bxd4 19. Qxd4 Qxd4 20. cxd4 Rfd8 21. Rfd1 Rd6 22. Rd2 Rad8 23. Rad1 Be4 24. f3 Bc6 25. Kf2 Kf8 26. Ke3 Ke7 27. Bc4 Kf6 28. Bb3 Bd5 29. Bxd5 Rxd5 30. Rb1 Ra5 31. Rd3 Rc8 32. Rb2 Rc1 33. Kf4 Ra1 34. Rbb3 Ra2 35. g3 g5+ 36. Kg4 Kg6 37. h4 gxh4 38. Kxh4 Rh2+ 39. Kg4 h5+ 40. Kf4 Re2 41. Re3 Rg2 42. Re5 Ra4 43. Rd3 Ra2 44. Ree3 Ra5 45. Re5 R2xa3 46. Rxa3 Rxa3 47. Rb5 a5 48. Rb8 a4 49. Rg8+ Kh7 50. Rf8 Kg7 51. Ra8 Ra1 52. Ra5 Kg6 53. Rg5+ Kh6 54. Ra5 a3 55. d5 exd5 56. Rxd5 a2 57. Rd6+ Kg7 58. Ra6 f6 59. Ra7+ Kg6 60. Ra6 Kf7 61. Ra7+ Ke6 62. Ra6+ Kd5 63. Ra5+ Ke6 64. Ra6+ Kf7 65. Ra7+ Kg6 66. Ra5 1/2-1/2

[Event "SLO-chT2 West"]
[White "Smolej, Ziga"]
[Black "Sivcevic, Nusret"]
[Site "Komenda"]
[Round "7.4"]
[Result "1/2-1/2"]
[Date "2019.11.30"]
[WhiteElo "1632"]
[BlackElo "1748"]
[PlyCount "63"]
[EventDate "2019.11.15"]
[EventType "team-tourn"]
[EventRounds "9"]
[EventCountry "SLO"]
[SourceTitle "EXT 2024"]
[Source "ChessBase"]
[SourceDate "2023.10.10"]
[SourceVersion "1"]
[SourceVersionDate "2023.10.10"]
[SourceQuality "1"]
[WhiteTeam "Ilirska Bistrica Rimex"]
[BlackTeam "Ljubljana SK"]
[WhiteTeamCountry "SLO"]
[BlackTeamCountry "SLO"]

1. d4 f5 2. c4 Nf6 3. Nc3 e6 4. g3 Bb4 5. Bg2 0-0 6. Nf3 Qe8 7. 0-0 Bxc3 8. bxc3 d6 9. Ba3 Ne4 10. Qc2 Nd7 11. Nd2 Nxd2 12. Qxd2 Nb6 13. c5 Nc4 14. Qc1 Qa4 15. Bb2 Nxb2 16. Qxb2 dxc5 17. dxc5 Qc4 18. Qb4 Qxe2 19. Bxb7 Rb8 20. c6 Qf3 21. Rab1 f4 22. Qc4 fxg3 23. fxg3 Qe3+ 24. Kh1 Rxf1+ 25. Rxf1 Rxb7 26. Qh4 g5 27. Qh5 Qe4+ 28. Kg1 Qe3+ 29. Kh1 Qe4+ 30. Kg1 Qe3+ 31. Kh1 Qe4+ 32. Kg1 1/2-1/2

[Event "Otocec Krka Terme op"]
[White "Fink, Maj"]
[Black "Smolej, Ziga"]
[Site "Otocec"]
[Round "4"]
[Result "0-1"]
[Date "2017.11.03"]
[WhiteElo "1152"]
[BlackElo "1405"]
[PlyCount "94"]
[EventDate "2017.11.02"]
[EventType "swiss"]
[EventRounds "9"]
[EventCountry "SLO"]
[SourceTitle "EXT 2019"]
[Source "ChessBase"]
[SourceDate "2018.10.10"]
[SourceVersion "1"]
[SourceVersionDate "2018.10.10"]
[SourceQuality "1"]

1. e4 c5 2. c3 Nf6 3. d3 d6 4. Nd2 Nc6 5. Ngf3 g6 6. Be2 Bg7 7. 0-0 0-0 8. d4 cxd4 9. cxd4 Nd7 10. Nb3 Re8 11. Re1 a5 12. a4 Nf6 13. Bb5 Bd7 14. Bd2 b6 15. Rc1 Na7 16. Bxd7 Qxd7 17. Na1 Qb7 18. d5 Nd7 19. b3 Nc5 20. Qc2 Rac8 21. Qb1 Qa6 22. Rc4 b5 23. axb5 Nxb5 24. Qa2 Ra8 25. Nc2 Reb8 26. b4 axb4 27. Qxa6 Rxa6 28. Bxb4 Ra4 29. Ne3 Na3 30. Bxa3 Rxa3 31. h3 Rb2 32. Nf1 h5 33. Ng3 Raa2 34. Rf1 Bf6 35. e5 Bg7 36. Rc3 h4 37. Nxh4 Bxe5 38. Nh1 Bxc3 39. Rc1 Rb3 40. Nf3 Ra1 41. Rxa1 Bxa1 42. Ng3 Rd3 43. Nh2 Rxd5 44. Nhf1 Rd1 45. Kh2 Be5 46. Kg1 Nb3 47. Ne2 Nd2 0-1

[Event "Otocec Krka Terme op"]
[White "Smolej, Ziga"]
[Black "Pozun, Matej"]
[Site "Otocec"]
[Round "1"]
[Result "0-1"]
[Date "2017.11.02"]
[WhiteElo "1405"]
[BlackElo "2102"]
[PlyCount "120"]
[EventDate "2017.11.02"]
[EventType "swiss"]
[EventRounds "9"]
[EventCountry "SLO"]
[SourceTitle "EXT 2019"]
[Source "ChessBase"]
[SourceDate "2018.10.10"]
[SourceVersion "1"]
[SourceVersionDate "2018.10.10"]
[SourceQuality "1"]

1. d4 Nf6 2. c4 g6 3. Nc3 d5 4. cxd5 Nxd5 5. Nf3 Bg7 6. e3 0-0 7. Bd3 c5 8. 0-0 Nc6 9. Bc4 Nb6 10. Bb3 cxd4 11. exd4 Nxd4 12. Nxd4 Qxd4 13. Qxd4 Bxd4 14. Nb5 Be5 15. Re1 Bf6 16. Bf4 Bd7 17. Nc7 Rac8 18. Nd5 Nxd5 19. Bxd5 Bc6 20. Bxc6 Rxc6 21. Rab1 Rc2 22. Rec1 Rfc8 23. Rd1 Rxb2 24. Rxb2 Bxb2 25. Rb1 Rc2 26. h3 Kf8 27. Kf1 Ke8 28. Ke1 a6 29. Bd2 Bd4 30. a4 Bxf2+ 31. Kxf2 Rxd2+ 32. Kf1 Ra2 33. Rxb7 Rxa4 34. Rb8+ Kd7 35. Rh8 h5 36. Rf8 Ke6 37. Rb8 Kf5 38. Rb7 Kf6 39. Rb6+ e6 40. Rb1 Kf5 41. Rb7 f6 42. Rb3 e5 43. Rf3+ Rf4 44. Rxf4+ Kxf4 45. Ke2 Kg3 46. Kf1 a5 47. Ke2 Kxg2 48. Kd3 a4 49. Kc4 e4 50. Kb4 e3 51. Kxa4 e2 52. Kb3 e1Q 53. Kc2 Qe3 54. Kd1 Qf2 55. Kc1 Qe2 56. Kb1 f5 57. Kc1 f4 58. Kb1 f3 59. Ka1 f2 60. Kb1 f1R# 0-1

[Event "SLO-ch U10"]
[White "Smolej, Ziga"]
[Black "Kovac, Mak"]
[Site "Ptuj"]
[Round "5"]
[Result "1/2-1/2"]
[Date "2017.03.01"]
[WhiteElo "1420"]
[BlackElo "1211"]
[PlyCount "98"]
[EventDate "2017.02.27"]
[EventType "swiss"]
[EventRounds "9"]
[EventCountry "SLO"]
[SourceTitle "CBM 177 Extra"]
[Source "ChessBase"]
[SourceDate "2017.04.27"]
[SourceVersion "1"]
[SourceVersionDate "2017.04.27"]
[SourceQuality "1"]

1. d4 f5 2. c4 g6 3. Nc3 Bg7 4. g3 Nf6 5. Bg2 0-0 6. Nf3 d6 7. d5 c6 8. 0-0 Bd7 9. Rb1 Na6 10. b3 Nxd5 11. Nxd5 cxd5 12. cxd5 Nc7 13. Bb2 Ne8 14. Bxg7 Kxg7 15. Qd4+ Nf6 16. Rfd1 Kg8 17. Rbc1 a6 18. a4 Rc8 19. Nd2 b5 20. axb5 Bxb5 21. e3 Bd7 22. Nc4 Rb8 23. Nd2 Bb5 24. Bf1 Bxf1 25. Kxf1 Qb6 26. Qa4 Qb5+ 27. Qxb5 Rxb5 28. Rc6 a5 29. Ra6 Rxd5 30. Ke2 Ng4 31. h3 Nf6 32. Ra1 Rb8 33. R6xa5 Rxa5 34. Rxa5 Ne4 35. Nxe4 fxe4 36. Ra3 Kf7 37. Kd2 Rc8 38. b4 Ke6 39. Ra5 Rc4 40. Rb5 Kd7 41. Rb7+ Ke6 42. b5 h6 43. b6 Rc8 44. Rc7 Rxc7 45. bxc7 Kd7 46. Kc3 e5 47. Kc4 Kxc7 48. Kd5 Kd7 49. g4 g5 1/2-1/2

[Event "Mediterranean op 9th"]
[White "Smolej, Ziga"]
[Black "Krajacic, Ivona"]
[Site "Rijeka"]
[Round "5"]
[Result "1/2-1/2"]
[Date "2017.02.14"]
[WhiteElo "1420"]
[BlackElo "1620"]
[PlyCount "97"]
[EventDate "2017.02.11"]
[EventType "swiss"]
[EventRounds "9"]
[EventCountry "CRO"]
[SourceTitle "CBM 177 Extra"]
[Source "ChessBase"]
[SourceDate "2017.04.27"]
[SourceVersion "1"]
[SourceVersionDate "2017.04.27"]
[SourceQuality "1"]

1. d4 e6 2. e4 d5 3. exd5 exd5 4. c4 Nf6 5. Nc3 Bf5 6. Qb3 Qe7+ 7. Be2 Qb4 8. Qxb4 Bxb4 9. Bd2 dxc4 10. Bxc4 c6 11. Nf3 Nbd7 12. 0-0 0-0 13. Nh4 Nb6 14. Bb3 Bd3 15. Rfe1 Bc4 16. Bc2 Rfe8 17. a3 Bf8 18. Nf3 h6 19. h3 Rad8 20. Bf4 Nbd5 21. Nxd5 Bxd5 22. Nd2 g5 23. Be3 Ne4 24. Nf3 Bg7 25. Rad1 Nd6 26. Nd2 Be4 27. Bxe4 Nxe4 28. Nb3 Rd5 29. Rd3 Red8 30. Red1 Nd6 31. Nd2 Nf5 32. Nf3 Nd6 33. Nd2 c5 34. Nf3 cxd4 35. Bd2 Nc4 36. Rb3 Nxd2 37. Rxd2 b6 38. Kf1 f5 39. Ke2 Kf7 40. Kd3 Ke6 41. Rc2 Kd6 42. Nd2 Rc5 43. Rc4 Rdc8 44. Rbb4 Rxc4 45. Nxc4+ Kc5 46. Nd2 b5 47. Nb3+ Kb6 48. Nxd4 Bxd4 49. Rxd4 1/2-1/2

[Event "Mediterranean op 9th"]
[White "Troselj, Ivan"]
[Black "Smolej, Ziga"]
[Site "Rijeka"]
[Round "4"]
[Result "0-1"]
[Date "2017.02.13"]
[WhiteElo "1537"]
[BlackElo "1420"]
[PlyCount "104"]
[EventDate "2017.02.11"]
[EventType "swiss"]
[EventRounds "9"]
[EventCountry "CRO"]
[SourceTitle "CBM 177 Extra"]
[Source "ChessBase"]
[SourceDate "2017.04.27"]
[SourceVersion "1"]
[SourceVersionDate "2017.04.27"]
[SourceQuality "1"]

1. e4 c5 2. Nf3 d6 3. c3 Nf6 4. h3 Nxe4 5. Qa4+ Nc6 6. Qxe4 g6 7. Qc2 Bg7 8. Bb5 Bd7 9. Bxc6 Bxc6 10. d4 cxd4 11. cxd4 Rc8 12. Nc3 0-0 13. Be3 Rc7 14. Qe2 a6 15. d5 Bd7 16. Bb6 Qc8 17. Bxc7 Qxc7 18. 0-0 Qb6 19. Qxe7 Qxb2 20. Qxd7 Qxc3 21. Qxb7 Qa5 22. Rac1 Qxa2 23. Rc6 Qxd5 24. Qxa6 Rd8 25. Rc2 Bf8 26. Rd2 Qe6 27. Rfd1 Qf6 28. Nd4 Qf4 29. Nb5 d5 30. Rxd5 Rxd5 31. Rxd5 Qc1+ 32. Kh2 Qf4+ 33. Kg1 Qc1+ 34. Rd1 Qxd1+ 35. Kh2 Qe2 36. Qf6 Qxb5 37. g3 Qf5 38. Qb2 Qf3 39. Kg1 Qa8 40. Qc2 Qa1+ 41. Kg2 Qe1 42. Qa2 Qe8 43. Qc2 f5 44. Qc4+ Kh8 45. Qh4 Qe4+ 46. Qxe4 fxe4 47. g4 Kg7 48. g5 Kf7 49. Kg3 Bd6+ 50. Kg4 Ke6 51. h4 Bc5 52. f3 e3 0-1